000 01863nam a22005417a 4500
003 OSt
005 20230413113845.0
008 221006b |||||||| |||| 00| 0 eng d
040 _cBiblioteca Lado V
082 _a700
_bK41a
100 _9797
_aKerraoul, Jean Pierre de
_eeditor
_edirector
245 _aArtpress/
260 _bCourt Gallerie
_c2001
_aParis
300 _c21x28cm
_a98p.
366 _eeng
366 _efre
490 _v01
_v2001
_a267
_x0245 5676
505 _texponerama
505 _tDiana Thater
505 _tle marche de l'art
505 _tYayoi Kusama l'experience interieure
505 _tYayoi Kusama, artiste et activiste
505 _tDaniel Spoerri
505 _tDominique Gonzalez-Foerster fragments du futur
505 _tStephane Pencreach arabitude
505 _tdossier: l'architecture invisible
505 _tl'espace electromagnetique
505 _tl'espace chimique
505 _tart press livres
505 _tDenis Roche les preuves du temps
505 _tcritiques de l'esthetique pure
505 _tGeorges Roque majeur ou mineur? les hierarchies en art
505 _tle feuilleton
505 _tles livres
505 _tles expositions
505 _tles arts electroniques
505 _tla television
650 _2Tesauro de Arte & Arquitectura
_aARTE
_9703
650 _2Tesauro de Arte & Arquitectura
_aEXPOSICIONES
650 _2Tesauro de Arte & Arquitectura
_aBIENAL
650 _2Tesauro de Arte & Arquitectura
_aAPRECIACION
650 _2Tesauro de Arte & Arquitectura
_aTEORIA
650 _2Tesauro de Arte & Arquitectura
_aCRITICA
650 _2Tesauro de Arte & Arquitectura
_aFOTOGRAFIA
_9702
650 _2Tesauro de Arte & Arquitectura
_aLITERATURA
650 _2Tesauro de Arte & Arquitectura
_aPARIS
942 _2ddc
_c1
_h700
_iK41a
_n0
999 _c3363
_d3363